000 00855nam a22002777a 4500
001 BR8404758
003 BR-BrBNA
005 20230928092023.0
007 ta
008 230509b bl.||||| |||| 00| 0 por d
040 _aBR-BrBNA
_bpor
_cBiblioteca Nacional de Agricultura
041 _a(Por)
072 _aE16; K10
_b/G514
090 _ E16 BR8404758
110 1 _aInstituto Brasileiro de Desenvolvimento Florestal, Brasilia, DF (Brasil). Depto. de Economia Florestal
_95731
245 1 _aDiagnostico do setor florestal do estado de Mato Grosso. Sumario executivo [Brasil]
260 3 _aBrasilia, DF (Brasil):
_c1984.
300 _a31 p.
500 _a7 tables
650 _aPRODUCAO FLORESTAL
650 _aINDUSTRIALIZACAO
650 _aRECURSO ECONOMICO
650 _aMATO GROSSO
909 _a202309
_bLucia
_c55
_dLucia Elande
942 _cBK
999 _c36737
_d36737